Biblioteca

Butler's Lives of the Saints (Registro nro. 45351)

Detalles MARC
000 -LÍDER
Campo fijo de descripción fija 01428aam a2200337 i 4500
001 - NÚMERO DE CONTROL
Campo de control 768714001
003 - IDENTIFICADOR DEL NÚMERO DE CONTROL
Campo de control CO-MdFUSB
005 - FECHA Y HORA DE LA ULTIMA TRANSACCIÓN
control field 20200929141727.0
007 - CAMPO FIJO DE DESCRIPCIÓN FIJA--INFORMACIÓN GENERAL
Campo fijo de descripción fija ta
008 - ELEMENTOS DE LONGITUD FIJA -- INFORMACIÓN GENERAL
Campo fijo de descripción fija -- Información general 200929t1956 enk |||| |||| 00| 0 eng d
020 ## - NÚMERO INTERNACIONAL NORMALIZADO PARA LIBROS
Número Internacional Normalizado del libro [No incluye ISBN]
040 ## - FUENTE DE CATALOGACIÓN
Idioma de catalogación spa.
Agencia de catalogación original CO-MdFUSB
Agencia que realiza la transcripción CO-MdFUSB
Agencia que realiza la modificación CO-MdFUSBC
Convenciones de la descripción rda
041 ## - CÓDIGO DE IDIOMA
Código de idioma para texto/pista de sonido o título separado eng
082 04 - NÚMERO DE CLASIFICACIÓN DECIMAL DEWEY
Número de la edición del Dewey 23
Número de clasificación 282.0922
Clave de autor-Numero de item B987
245 10 - TÍTULO
Título del Material Butler's Lives of the Saints
Mención de responsabilidad, etc. / editado por Herbert Thurston , Donald Attwater
264 #1 - PRODUCCIÓN, PUBLICACIÓN, DISTRIBUCIÓN, MANUFACTURA, Y COPYRIGHT
Lugar de producción, publicación, distribución, manufactura London :
Nombre del productor, publicador, distribuidor Burns, Oates and Washbourne,
Fecha de producción, publicación, distribución, manufactura, o copyright [1956]
264 #4 - PRODUCCIÓN, PUBLICACIÓN, DISTRIBUCIÓN, MANUFACTURA, Y COPYRIGHT
Fecha de producción, publicación, distribución, manufactura, o copyright © 1956
300 ## - DESCRIPCIÓN FÍSICA
Extensión 4 volúmenes
Dimensiones ; 25 cm
336 ## - TIPO DE CONTENIDO
Término de tipo de contenido texto
Código de tipo de contenido txt
Fuente rdacontent
337 ## - TIPO DE MEDIO
Fuente rdamedia
Nombre del tipo de medio sin mediación
Código del tipo de medio n
338 ## - TIPO DE SOPORTE
Fuente rdacarrier
Nombre del tipo de soporte volumen
Código Tipo de soporte nc
501 ## - NOTA DE “CON”
Nota de Contenido Pasta dura
505 ## - NOTA DE CONTENIDO
Nota de contenido con formato preestablecido Volumen 1: Los santos del mes de enero - Los santos del mes de febrero - Los santos del mes de marzo \ Volumen 2: Los santos del mes de abril - Los santos del mes de mayo - Los santos del mes de junio \ Volumen 3: Los santos del mes de Julio - Los santos del mes de Agosto - Los santos del mes de septiembre \ Volumen 4 : Los santos del mes de octubre - Los santos del mes de noviembre - Los santos del mes de diciembre
563 ## - NOTA DE ENCUADERNACIÓN
Nota de encuadernación Rústico
650 14 - ASIENTO SECUNDARIO DE MATERIA - TERMINO TEMÁTICO
Término temático o nombre geográfico como elemento de entrada Iglesia Católica - Biografías \ Santos - Iglesia Católica
700 ## - ASIENTO SECUNDARIO - NOMBRE PERSONAL
9 (RLIN) 4856
Nombre personal Thurston, Herbert,
Responsabilidad editor
700 ## - ASIENTO SECUNDARIO - NOMBRE PERSONAL
9 (RLIN) 4857
Nombre personal Attwater, Donald,
Responsabilidad editor
942 ## - TIPO DE MATERIAL (KOHA)
Tipo de Item KOHA Libros General
945 ## - INFORMACIÓN LOCAL DEL REGISTRO
Catalogador JTF-925
Existencias
Estado de Material Estado de Perdido Forma de Clasificación Volumen-Parte/Tomo Estado de Dañado No para Préstamo Colección Tomo Biblioteca de Origen Biblioteca Permanente Fecha de Adquisición Total de Préstamos Signatura Topográfica Código de Barras Última vez visto Ejemplar/Existencia Fecha de Remplazo Tipo de Material
    Dewey Decimal Classification 4     Colección General   Biblioteca FUSBC Biblioteca FUSBC 09/02/2015   G 282.0922 T38b 18986 12/12/2019 Vol. 4, ej. 1 26/01/2016 Libros General
    Dewey Decimal Classification 2     Colección General   Biblioteca FUSBC Biblioteca FUSBC 30/04/2015   G 282.0922 T38b 19667 04/12/2018 Vol. 2, ej. 1 26/01/2016 Libros General
    Dewey Decimal Classification 1     Colección General   Biblioteca FUSBC Biblioteca FUSBC 30/04/2015   G 282.0922 T38b 19666 12/12/2019 Vol. 1, ej. 1 26/01/2016 Libros General
    Dewey Decimal Classification 3     Colección General   Biblioteca FUSBC Biblioteca FUSBC 26/03/2015   G 282.0922 T38b 19341 12/12/2019 Vol. 3, ej. 1 26/01/2016 Libros General

Biblioteca FUSBC | Teléfono: (57+4) 349 88 10 Ext. 141| WhatsApp (+57) 3005338115 
E-mail: biblioteca@unisbc.edu.co | Calle 76 87-14 Robledo Palenque, Medellín, Colombia

Con tecnología Koha